5HLuxD.jpg

KING HENRY VIII SENIOR AND PRIMARY SCHOOL LIBRARY OPAC

STUCK (Record no. 6065)

000 -LEADER
fixed length control field 00747nam a22002057a 4500
005 - DATE AND TIME OF LATEST TRANSACTION
control field 20260203163615.0
008 - FIXED-LENGTH DATA ELEMENTS--GENERAL INFORMATION
fixed length control field 260203b ||||| |||| 00| 0 eng d
020 ## - INTERNATIONAL STANDARD BOOK NUMBER
International Standard Book Number 9780063285651
040 ## - CATALOGING SOURCE
Transcribing agency KH8
082 ## - DEWEY DECIMAL CLASSIFICATION NUMBER
Classification number 741.5
100 ## - MAIN ENTRY--PERSONAL NAME
Personal name MILLER,KAYLA
Relator term AUTHOR
245 ## - TITLE STATEMENT
Title STUCK
260 ## - PUBLICATION, DISTRIBUTION, ETC.
Place of publication, distribution, etc. 195 Broadway,New York,NY 10007
Name of publisher, distributor, etc. HarperCollins Publishers
Date of publication, distribution, etc. ©2025
300 ## - PHYSICAL DESCRIPTION
Extent 209 PAGES
Other physical details Colour illustration
Dimensions 14cm x 20cm
520 ## - SUMMARY, ETC.
Summary, etc. Olive is excited to reunite with Max and Bree at Camp Acorn Lake, but the buses have barely pulled away when her two closest camp friends start fighting...and it's not just a little squabble. - Library Thing-
650 ## - SUBJECT ADDED ENTRY--TOPICAL TERM
Topical term or geographic name entry element Juvenile Fiction
Form subdivision Friendship
655 ## - INDEX TERM--GENRE/FORM
Genre/form data or focus term Comic
655 ## - INDEX TERM--GENRE/FORM
Genre/form data or focus term Humour
942 ## - ADDED ENTRY ELEMENTS (KOHA)
Source of classification or shelving scheme
Koha item type Graphic Novel
Holdings
Withdrawn status Lost status Source of classification or shelving scheme Damaged status Not for loan Collection code Permanent Location Current Location Shelving location Date acquired Total Checkouts Full call number Barcode Date due Date last seen Date last checked out Price effective from Koha item type Public note
          Non-Fiction KH8 Primary School Library KH8 Primary School Library Graphic Novel 2026-02-03 3 741.5 MIL KHPL000008283 2026-04-23 2026-04-15 2026-04-15 2026-02-03 Graphic Novel PRIMARY LIBRARY

Powered By KH8 IT Dept